000 00800nam a2200253 i 4500
001 17414
003 ES-MaACL
005 20230906151557.0
007 t|
008 010302s2000 sp ||||1| spa d
020 _a84-7669-409-1
080 _a821.163.41-31"19"
100 1 _aKis, Danilo.
_968148
245 1 0 _aPenas precoces /
_cDanilo Kis ; traducción de Dragana Bajic y Mª Angeles Alonso Zarza.
250 _a1ª ed.
260 _aBarcelona :
_bMuchnik,
_c2000.
300 _a121 p. ;
_c21 cm.
490 1 _aModernos y clásicos de Muchnik Editores ;
_v96
700 1 _aBajic, Dragana.
_924755
700 1 _aAlonso Zarza, Mª Angeles.
_920438
830 0 _aModernos y clásicos de Muchnik Editores ;
_v96
_9180364
852 _aES-MaACL
_jL-24403
_bR.129499
999 _c17414
_d17414